For and against (Avanced speaking practice)
में बचाया:
| मुख्य लेखक: | |
|---|---|
| स्वरूप: | पुस्तक |
| भाषा: | Undetermined |
| प्रकाशित: |
Tp. HCM
Thế Giới
1995
|
| विषय: | |
| टैग : |
टैग जोड़ें
कोई टैग नहीं, इस रिकॉर्ड को टैग करने वाले पहले व्यक्ति बनें!
|
| Thư viện lưu trữ: | Trung tâm Học liệu Trường Đại học Cần Thơ |
|---|
| LEADER | 00637nam a2200193Ia 4500 | ||
|---|---|---|---|
| 001 | CTU_28822 | ||
| 008 | 210402s9999 xx 000 0 und d | ||
| 020 | |b 18.500đ | ||
| 082 | |a 428.24 | ||
| 082 | |b A377 | ||
| 100 | |a L G Alexander | ||
| 245 | 0 | |a For and against (Avanced speaking practice) | |
| 245 | 0 | |c L G Alexander; Dịch giả: Đặng Lâm Hùng | |
| 260 | |a Tp. HCM | ||
| 260 | |b Thế Giới | ||
| 260 | |c 1995 | ||
| 650 | |a english language - textbooks for foreign speakers,test of english as a foreign language - study guides | ||
| 904 | |i Minh, 990305 | ||
| 980 | |a Trung tâm Học liệu Trường Đại học Cần Thơ | ||